000 00647nam a22001577a 4500
003 OSt
005 20150917160045.0
008 150917b xxu||||| |||| 00| 0 eng d
040 _cRUA
082 _aAGR CHO 2001 B026 Or.1
100 _9698
_aCHOU, RADINA.
245 _aMethod of produce breeder seed of mung bean variety kk3 at kbal koh vegetable seed station វិធីសាស្រ្តផលិតពូជជំរើសវិទូ នៃសណ្តែកបាយ KK3 នៅស្ថានីយ៏ពូជបន្លែក្បាលកោះ
260 _aPhnom Penh
_bRUA
_c2001
300 _a77p.
_bill.
_c29cm.
942 _2ddc
_cAGR
999 _c672
_d672